Central Library OPAC University of Rajshahi

Quality control for management. / (Record no. 76101)

MARC details
000 -LEADER
fixed length control field 00750cam a22002651 4500
001 - CONTROL NUMBER
control field 76101
003 - CONTROL NUMBER IDENTIFIER
rucl marc code BD-RjUL
005 - DATE AND TIME OF LATEST TRANSACTION
control field 20211209082807.0
008 - FIXED-LENGTH DATA ELEMENTS--GENERAL INFORMATION
fixed length control field 191027r19661964xx a 001 0 eng
035 ## - SYSTEM CONTROL NUMBER
System control number (BD-RjUL)
040 ## - CATALOGING SOURCE
Original cataloging agency DLC
Transcribing agency OAkU
Modifying agency DLC
Language of cataloging eng
041 ## - LANGUAGE CODE
Language code of text/sound track or separate title eng
042 ## - AUTHENTICATION CODE
Authentication code premarc
082 ## - DEWEY DECIMAL CLASSIFICATION NUMBER
Edition number 23
Classification number 658.4013
Author mark and year PEQ 1966
100 1# - MAIN ENTRY--PERSONAL NAME
Personal name Peach, Paul.
9 (RLIN) 234057
245 10 - TITLE STATEMENT
Title Quality control for management. /
Statement of responsibility, etc. Paul Peach,
260 ## - PUBLICATION, DISTRIBUTION, ETC. (IMPRINT)
Place of publication, distribution, etc. Englewood Cliffs, N.J.,
Name of publisher, distributor, etc. Prentice-Hall ,
Date of publication, distribution, etc. [1964] 1966
300 ## - PHYSICAL DESCRIPTION
Pagination 204 p. :
Illustrations illus., port.;
Size 29 cm
500 ## - GENERAL NOTE
General note includes Index
650 #0 - SUBJECT ADDED ENTRY--TOPICAL TERM
Topical term or geographic name as entry element Quality control.
9 (RLIN) 234058
906 ## - LOCAL DATA ELEMENT F, LDF (RLIN)
a 7
b cbc
c oclcrpl
d u
e ncip
f 19
g y-gencatlg
942 ## - ADDED ENTRY ELEMENTS (KOHA)
Source of classification or shelving scheme Dewey Decimal Classification
Koha item type Books
Holdings
Lost status Source of classification or shelving scheme Damaged status Not for loan Collection code Permanent Location Current Location Shelving location Date acquired Source of acquisition Cost, normal purchase price Total Checkouts Full call number Date last seen Copy number Koha item type
  Dewey Decimal Classification   Not For Loan Non-fiction Central Library, University of Rajshahi Central Library, University of Rajshahi Reading Room 23/11/1968 zeitlinger 149.00   658.4013 PEQ 1966 27/10/2019 C-1 Books